History Quiz

Random History or Biography Quiz
Score 0/18 Timer 02:00
9 Plays Today
% Correct
Martin Luther King Jr.
95%
Mark Twain
94.7%
Ben Franklin
94.6%
Billie Holiday
94.4%
Ulysses Grant
94.2%
Eleanor Roosevelt
94.1%
Walt Disney
94.1%
Amelia Earhart
94%
Sitting Bull
94%
% Correct
Sally Ride
93.9%
Thomas Edison
93.7%
George Washington Carver
93.7%
Sandra Day O'Connor
93.7%
Leonard Bernstein
93.7%
Sojourner Truth
93.6%
Ralph Waldo Emerson
92.6%
Katherine Johnson
91.7%
Rosa Parks
91.1%
Remove Ads.
Support Sporcle.
Get the best of Sporcle when you Go Orange. This ad-free experience offers more features, more stats, and more fun while also helping to support Sporcle. Thank you for becoming a member.

You're not logged in!

Compare scores with friends on all Sporcle quizzes.
OR
Log In

Show Comments

Extras

Top Quizzes Today


Score Distribution

Your Account Isn't Verified!

In order to create a playlist on Sporcle, you need to verify the email address you used during registration. Go to your Sporcle Settings to finish the process.

Report this User

Report this user for behavior that violates our Community Guidelines.

Details: